000 01277cam a22003494a 4500
999 _c2069
_d2069
001 11792998
003 GZU
005 20201027101208.0
008 990921s2000 njua bs i000 0 eng
010 _a 99049042
020 _a0865438072 (HB)
020 _a0865438080 (PB)
020 _a9780852551653
040 _aDLC
_cDLC
_dDLC
042 _apcc
043 _af------
050 0 0 _aHC800
_b.AFR 2000
245 0 0 _aAfrican development in a comparative perspective.
250 _a1st Africa World Press ed.
260 _aTrenton, N.J. :
_bAfrica World Press,
_c2000.
300 _axiv, 113 p. :
_bill. ;
_c24 cm.
504 _aIncludes bibliographical references.
650 0 _aStructural adjustment (Economic policy)
_zAfrica.
650 0 _aInvestments, Foreign
_zAfrica.
651 0 _aAfrica
_xEconomic policy.
651 0 _aAfrica
_xEconomic conditions
_y1960-
710 2 _aUnited Nations Conference on Trade and Development.
856 4 1 _3Table of contents
_uhttp://www.loc.gov/catdir/toc/fy037/99049042.html
906 _a7
_bcbc
_corignew
_d1
_eocip
_f19
_gy-gencatlg
942 _2lcc
_cBK
_h800
_iAFR
_kHC